L'ANTIQUITE /

Gespeichert in:
Bibliographische Detailangaben
1. Verfasser: Aimond, Ch (autor)
Format: Buch
Ausgabe:5a edición
Schlagworte:
Tags: Tag hinzufügen
Keine Tags, Fügen Sie das erste Tag hinzu!

MARC

LEADER 00000nam^a2200000^a^4500
001 000244030
005 20250521000000.0
009 20260310105400.7
035 |a 066121 
037 |a Acervo Xavier Clavigero 
082 |a 930.  |b AIM 
100 |a Aimond, Ch.  |e (autor) 
245 1 1 |a L'ANTIQUITE /  |c CH. AIMOND 
250 |a 5a edición 
264 |a París, Francia :  |b J. de Gigord,  |c 1947 
300 |a 328 p. 
336 |a texto  |b txt  |2 rdacontenido 
337 |a sin mediación  |b n  |2 rdamedio 
338 |a volumen  |b nc  |2 rdasoporte 
649 |a XX 
650 |a Oriente -  |x Historia 
650 |a Grecia -  |x Historia Antigua 
650 |a Roma -  |x Historia 
650 |a Historia Antigua 
910 |a Fondo General 
920 |a Impresos - Libros 
930 |a Colección General 
905 |a 101 
901 |a 066121  |b IT1  |c ACC  |i 066121  |u 20250521 
902 |a https://opac.biblio.iteso.mx/vufind/Record/000244030